Les Surprise songs les plus jouées durant le Eras Tour - Statistiques

Statistiques générales
  • Ce quiz a été pris 23 fois
  • Le résultat moyen est 7 sur 9
Statistiques - réponses
Album combien chanson % Correct
Midnights 10 fois Maroon
100%
Midnights 11 fois You're on your own kid
100%
1989 7 fois Out of the Woods
94%
Red 5 fois Red
82%
1989 5 fois Is It Over Now ?
76%
Lover 6 fois Death by a thousand cuts
71%
Folklore 5 fois Exile
71%
Reputation 5 fois Getaway Car
71%
Speak Now 5 fois Haunted
71%
Aucun quiz correspondant
Distribution des résultats
% des personnes avec chaque résultat
Percentile par nombre de réponses
Votre historique - résultats
Vous n’avez pas pris ce quiz